000
00337nam a22001457a 4500
008
210312b ||||| |||| 00| 0 eng d
020
_a
0471840335
041
_a
eng
080
_2
3rd
_a
330.722.6
082
_a
330.722.6
100
_a
61
101
_a
KF
245
_a
Accounting Information Systems
_c
Moscove, S. A
942
_2
udc
_c
BK
999
_c
56509
_d
56509